Multiple Choice City Quiz - Guayaquil - Statistics

General Stats
  • This quiz has been taken 24 times
  • The average score is 5 of 10
Answer Stats
Question Answer % Correct
Guayaquil had a major problem with who when it was first established? Pirates
95%
What are people from Guayaquil called? Guayaquileños
68%
How many steps are built into the Santa Ana Hill? 444
59%
What is Malecón 2000? Guayaquil's famous boardwalk
59%
What is Guayaquil's nickname? Pearl of the Pacific
55%
What is the official name of Guayaquil? Santiago de Guayaquil
45%
Approximately how many degrees south of the equator is Guayaquil located? 2°S
36%
Who was the only U.S. President to visit Guayaquil? Herbert Hoover
32%
What is the flag of Guayaquil?
23%
What infamous disaster left over 30,000 people homeless in 1896? Fire
9%
No matching quizzes found
Score Distribution
Percent of People with Each Score
Percentile by Number Answered
Your Score History
You have not taken this quiz